000
00274nam a22001097a 4500
008
240712b |||||||| |||| 00| 0 eng d
100
_a
Pribdas, Bharamchari
_9
16978
245
_a
Shri Ashtvakar Gita
260
_a
Ajmer:
_b
Atam darshan;
_c
1968.
300
_a
378p.
942
_c
BK
999
_c
40132
_d
40132